000 02714cam a2200385 a 4500
001 16069105
003 OSt
005 20150408114155.0
008 100126s2010 enka b 001 0 eng
010 _a 2010003116
015 _aGBB037279
_2bnb
016 7 _a015505586
_2Uk
020 _a9781405155816 (hardcover : alk. paper)
020 _a1405155817 (hardcover : alk. paper)
020 _a9781118347188 (pbk.)
035 _a(OCoLC)ocn500823419
040 _aDLC
_cDLC
_dBTCTA
_dYDXCP
_dERASA
_dCDX
_dC#P
_dUKM
_dBWX
_dDLC
050 0 0 _aP98
_b.H346 2010
082 0 0 _a410.285
_222
_bHAC
245 0 4 _aThe handbook of computational linguistics and natural language processing /
_cedited by Alexander Clark, Chris Fox, and Shalom Lappin.
260 _aChichester, West Sussex ;
_aMalden, MA :
_bWiley-Blackwell,
_c2010.
300 _axxii, 775 p. :
_bill. ;
_c26 cm.
490 1 _aBlackwell handbooks in linguistics
504 _aIncludes bibliographical references and index.
505 0 _aFormal foundations. Formal language theory / Shuly Wintner -- Computational complexity in natural language / Ian Pratt-Hartmann -- Statistical language modeling / Ciprian Chelba -- Theory of parsing / Mark-Jan Nederhof and Giorgio Satta -- Current methods. Maximum entropy models / Robert Malouf -- Memory-based learning / Walter Daelemans and Antal van den Bosch -- Decision trees / Helmut Schmid -- Unsupervised learning and grammar induction / Alexander Clark and Shalom Lappin -- Artificial neural networks / James B. Henderson -- Linguistic annotation / Martha Palmer and Nianwen Xue -- Evaluation of NLP systems / Philip Resnik and Jimmy Lin -- Domains of application. Speech recognition / Steve Renals and Thomas Hain -- Statistical parsing / Stephen Clark -- Segmentation and morphology / John A. Goldsmith -- Computational semantics / Chris Fox -- Computational models of dialogue / Jonathan Ginzburg and Raquel Fern�andez -- Computational psycholinguistics / Matthew W. Crocker -- Applications. Information extraction / Ralph Grishman -- Machine translation / Andy Way -- 20. Natural language generation / Ehud Reiter -- Discourse processing / Ruslan Mitkov -- Question answering / Bonnie Webber and Nick Webb.
650 0 _aComputational linguistics.
_93419
650 0 _aNatural language processing (Computer science)
_940479
700 1 _aClark, Alexander
_q(Alexander Simon)
_940628
700 1 _aFox, Chris,
_d1965-
_940629
700 1 _aLappin, Shalom.
_940630
830 0 _aBlackwell handbooks in linguistics.
_940631
906 _a7
_bcbc
_corignew
_d1
_eecip
_f20
_gy-gencatlg
942 _2ddc
_cDVD
999 _c32410
_d266910